Name every country (with populations, no map) - Statistics

General Stats
  • This quiz has been taken 1,003 times
  • The average score is 144 of 197
Answer Stats
Population Country % Correct
1,390,000,000 China
95%
327,000,000 United States
95%
1,330,000,000 India
93%
37,100,000 Canada
90%
209,000,000 Brazil
89%
147,000,000 Russia
89%
65,600,000 United Kingdom
89%
124,000,000 Mexico
88%
67,200,000 France
87%
126,000,000 Japan
85%
82,700,000 Germany
84%
262,000,000 Indonesia
84%
20,700,000 Niger
84%
46,500,000 Spain
84%
44,000,000 Argentina
83%
25,000,000 Australia
82%
97,100,000 Egypt
82%
81,500,000 Iran
82%
193,000,000 Nigeria
82%
25,500,000 North Korea
82%
51,400,000 South Korea
82%
17,600,000 Chile
81%
49,800,000 Colombia
81%
212,000,000 Pakistan
81%
10,200,000 Sweden
81%
38,300,000 Iraq
80%
4,790,000 Ireland
80%
60,500,000 Italy
80%
5,300,000 Norway
80%
165,000,000 Bangladesh
79%
5,510,000 Finland
79%
56,700,000 South Africa
79%
69,000,000 Thailand
79%
80,800,000 Turkey
79%
42,300,000 Ukraine
79%
93,700,000 Vietnam
79%
11,400,000 Belgium
78%
81,300,000 Democratic Republic of the Congo
78%
5,790,000 Denmark
78%
8,870,000 Israel
78%
18,200,000 Kazakhstan
78%
31,800,000 Peru
78%
38,400,000 Poland
78%
10,300,000 Portugal
78%
33,400,000 Saudi Arabia
78%
40,800,000 Sudan
78%
1,000 Vatican City
78%
29,700,000 Afghanistan
77%
41,700,000 Algeria
77%
10,800,000 Greece
77%
10,900,000 Haiti
77%
351,000 Iceland
77%
17,200,000 Netherlands
77%
4,880,000 New Zealand
77%
31,400,000 Venezuela
77%
11,200,000 Cuba
76%
94,400,000 Ethiopia
76%
49,700,000 Kenya
76%
7,050,000 Paraguay
76%
3,490,000 Uruguay
76%
28,300,000 Yemen
76%
16,200,000 Guatemala
75%
6,370,000 Libya
75%
34,700,000 Morocco
75%
28,800,000 Nepal
75%
4,100,000 Panama
75%
5,260,000 Republic of the Congo
75%
19,600,000 Romania
75%
15,700,000 Somalia
75%
32,300,000 Uzbekistan
75%
14,500,000 Zimbabwe
75%
8,830,000 Austria
74%
71,300 Dominica
74%
10,200,000 Dominican Republic
74%
17,000,000 Ecuador
74%
6,310,000 Nicaragua
74%
4,640,000 Oman
74%
5,440,000 Slovakia
74%
8,480,000 Switzerland
74%
18,300,000 Syria
74%
23,600,000 Taiwan
74%
78,300 Andorra
73%
11,100,000 Bolivia
73%
15,800,000 Cambodia
73%
14,900,000 Chad
73%
4,950,000 Costa Rica
73%
10,600,000 Czechia
73%
1,320,000 Estonia
73%
9,770,000 Hungary
73%
2,730,000 Jamaica
73%
6,490,000 Laos
73%
1,920,000 Latvia
73%
602,000 Luxembourg
73%
32,600,000 Malaysia
73%
18,500,000 Mali
73%
3,220,000 Mongolia
73%
53,400,000 Myanmar
73%
106,000,000 Philippines
73%
7,040,000 Serbia
73%
11,900,000 South Sudan
73%
16,400,000 Zambia
73%
29,300,000 Angola
72%
9,480,000 Belarus
72%
388,000 Belize
72%
4,150,000 Croatia
72%
29,600,000 Ghana
72%
11,900,000 Guinea
72%
8,870,000 Honduras
72%
38,100 Liechtenstein
72%
2,800,000 Lithuania
72%
25,600,000 Madagascar
72%
33,300 San Marino
72%
5,610,000 Singapore
72%
21,400,000 Sri Lanka
72%
52,600,000 Tanzania
72%
5,760,000 Turkmenistan
72%
37,700,000 Uganda
72%
2,870,000 Albania
71%
7,050,000 Bulgaria
71%
1,780,000 Kosovo
71%
6,140,000 Kyrgyzstan
71%
38,300 Monaco
71%
2,070,000 North Macedonia
71%
2,690,000 Qatar
71%
2,070,000 Slovenia
71%
8,930,000 Tajikistan
71%
9,400,000 United Arab Emirates
71%
801,000 Bhutan
70%
3,510,000 Bosnia and Herzegovina
70%
24,600,000 Côte d'Ivoire
70%
6,580,000 El Salvador
70%
778,000 Guyana
70%
6,080,000 Lebanon
70%
4,290,000 Liberia
70%
434,000 Malta
70%
11,800,000 Rwanda
70%
7,180,000 Togo
70%
11,400,000 Tunisia
70%
2,970,000 Armenia
69%
382,000 Bahamas
69%
1,450,000 Bahrain
69%
5,070,000 Eritrea
69%
885,000 Fiji
69%
3,730,000 Georgia
69%
10,200,000 Jordan
69%
4,080,000 Kuwait
69%
2,230,000 Lesotho
69%
15,700,000 Senegal
69%
542,000 Suriname
69%
9,900,000 Azerbaijan
68%
286,000 Barbados
68%
11,000,000 Benin
68%
4,660,000 Central African Republic
68%
344,000 Maldives
68%
3,810,000 Mauritania
68%
28,900,000 Mozambique
68%
2,370,000 Namibia
68%
10,100 Nauru
68%
8,150,000 Papua New Guinea
68%
179,000 Saint Lucia
68%
1,150,000 Swaziland
68%
10,800 Tuvalu
68%
423,000 Brunei
67%
855,000 Cyprus
67%
1,220,000 Equatorial Guinea
67%
2,030,000 Gabon
67%
2,100,000 Gambia
67%
1,550,000 Guinea-Bissau
67%
3,550,000 Moldova
67%
622,000 Montenegro
67%
46,200 Saint Kitts and Nevis
67%
103,000 Tonga
67%
86,300 Antigua and Barbuda
66%
2,230,000 Botswana
66%
10,400,000 Burundi
66%
23,800,000 Cameroon
66%
957,000 Djibouti
66%
103,000 Grenada
66%
1,260,000 Mauritius
66%
17,800 Palau
66%
110,000 Saint Vincent and the Grenadines
66%
197,000 Samoa
66%
7,090,000 Sierra Leone
66%
1,310,000 Timor-Leste
66%
1,360,000 Trinidad and Tobago
66%
94,200 Seychelles
65%
652,000 Solomon Islands
65%
19,600,000 Burkina Faso
64%
806,000 Comoros
64%
115,000 Kiribati
64%
17,400,000 Malawi
64%
55,000 Marshall Islands
64%
105,000 Micronesia
64%
290,000 Vanuatu
64%
204,000 São Tomé and Príncipe
61%
4,750,000 Palestine
39%
538,000 Cabo Verde
34%
No matching quizzes found
Score Distribution
Percent of People with Each Score
Percentile by Number Answered
Your Score History
You have not taken this quiz